000 00538nam a2200169 i 4500
001 80092
003 ES-MaACL
007 t|
008 041026s1958 sp ||||1| spa d
100 1 _aHeyerdahl, Thor.
_963529
245 1 0 _aAku-Aku
_b: el secreto de la Isla de Pascua /
_cThor Heyerdahl ; [traducción de Antonio Ribera].
250 _a[1ª ed.].
260 _aBarcelona :
_bJuventud,
_c[1958] (
_fAtenas)
300 _a376 p., 43 lám. :
_bil. ;
_c23 cm.
700 1 _aRibera, Antonio.
_996769
852 _aES-MaACL
_jC-9536
_bR.43525
999 _c80092
_d80092